Il libro del Cortegiano

שמור ב:
מידע ביבליוגרפי
מחבר ראשי: Castiglione, Baldassar (Author)
פורמט: ספר
שפה:איטלקית
יצא לאור: Milán Garzanti 1987
מהדורה:2a. ed
נושאים:
תגים: הוספת תג
אין תגיות, היה/י הראשונ/ה לתייג את הרשומה!

MARC

LEADER 00000nam a2200000 a 4500
001 UCV7891
003 CL-VaPUC
008 900118e19870000IT |||||||||||||||||ita|d
082 0 4 |a 853  |b CAS  |2 21 
100 0 |a Castiglione, Baldassar  |e author  |9 301999 
245 1 3 |a Il libro del Cortegiano 
250 |a 2a. ed 
300 |a 471 p 
942 |c BK 
945 |d 19900118 00:00:00 
260 |a Milán  |b Garzanti  |c 1987 
650 0 |a Novela italiana  |9 265740 
583 |a last modification  |c 19900118 00:00:00  |k Rodrigo Vera 
999 |c 213500  |d 213498 
952 |0 0  |1 0  |4 0  |6 853_000000000000000_CAS_1987  |7 0  |8 P  |9 195946  |a BIBARQ  |b BIBARQ  |d 2019-11-14  |i 2639173  |o 853 CAS 1987  |p 2639173  |r 2025-01-20  |w 2019-11-14  |y BK  |k ARQ